Statistics for Anagram Chain - Pokemon GO!

Click here to take the quiz!

General Stats

  • This quiz has been taken 289 times
  • The average score is 4 of 28

Answer Stats

HintAnswer% Correct
Yellow mouse; Most famous -->PIKACHU
100%
Remove H, U, K; Add T, R, Ex2CATERPIE
21%
Remove E, P, T; Add Y, L, FCLEFAIRY
16%
Remove F, L, Y; Add A, Tx2RATICATE
15%
Remove T, E, C; Add LLAPRAS
13%
Remove B, Y, K; Add AABRA
12%
Remove H, I, S; Add O, UDODUO
12%
Remove A, R, P; Add Y, T, GGASTLY
12%
Remove B; Add S, PPARAS
12%
Remove G, R, A, M; Add H, U, CPIKACHU
12%
Remove T, L, G; Add K, RARBOK
11%
Remove O; Add G, Ex2GEODUDE
11%
Remove A, N, E; Add B, OGOLBAT
11%
Remove O; Add EGOLEM
11%
Remove O; Add Y, BKRABBY
11%
Remove N, I, P, R; Add H, O, Dx2ODDISH
11%
Remove Ax2; Add N, Ix2PINSIR
11%
Remove M, O; Add I, D, Tx2DIGLETT
10%
Remove U, Dx2, Ex2; Add M, O, LGLOOM
10%
Remove T, I; Add S, PPARASECT
10%
Remove T, L; Add O, PPIDGEOT
9%
Remove Y, S; Add N, E, ATANGELA
9%
Remove D, P, T, M; Add S, R, HHORSEA
6%
Remove O, L, W; Add R, A, M, KMAGIKARP
6%
Remove I, G; Add A, MMETAPOD
6%
Remove S, E, K, O; Add G, I, APOLIWAG
6%
Remove R, A; Add L, K, OSLOWPOKE
6%
Remove H; Add W, PSPEAROW
5%

Score Distribution

Percentile by Number Answered

Percent of People with Each Score

Your Score History

You have not taken this quiz